<?xml version="1.0" encoding="UTF-8"?><?xml-stylesheet type="text/xsl" href="static/style.xsl"?><OAI-PMH xmlns="http://www.openarchives.org/OAI/2.0/" xmlns:xsi="http://www.w3.org/2001/XMLSchema-instance" xsi:schemaLocation="http://www.openarchives.org/OAI/2.0/ http://www.openarchives.org/OAI/2.0/OAI-PMH.xsd"><responseDate>2026-04-18T02:26:22Z</responseDate><request verb="GetRecord" identifier="oai:riubu.ubu.es:10259/9831" metadataPrefix="marc">https://riubu.ubu.es/oai/request</request><GetRecord><record><header><identifier>oai:riubu.ubu.es:10259/9831</identifier><datestamp>2025-01-08T01:05:24Z</datestamp><setSpec>com_10259_9590</setSpec><setSpec>com_10259_5086</setSpec><setSpec>com_10259_2604</setSpec><setSpec>col_10259_9830</setSpec></header><metadata><record xmlns="http://www.loc.gov/MARC21/slim" xmlns:doc="http://www.lyncode.com/xoai" xmlns:xsi="http://www.w3.org/2001/XMLSchema-instance" xmlns:dcterms="http://purl.org/dc/terms/" xsi:schemaLocation="http://www.loc.gov/MARC21/slim http://www.loc.gov/standards/marcxml/schema/MARC21slim.xsd">
<leader>00925njm 22002777a 4500</leader>
<datafield tag="042" ind1=" " ind2=" ">
<subfield code="a">dc</subfield>
</datafield>
<datafield tag="720" ind1=" " ind2=" ">
<subfield code="a">Bardavío Estevan, Susana</subfield>
<subfield code="e">author</subfield>
</datafield>
<datafield tag="260" ind1=" " ind2=" ">
<subfield code="c">2021-08</subfield>
</datafield>
<datafield tag="024" ind2=" " ind1="8">
<subfield code="a">1656-152X</subfield>
</datafield>
<datafield tag="024" ind2=" " ind1="8">
<subfield code="a">http://hdl.handle.net/10259/9831</subfield>
</datafield>
<datafield tag="024" ind2=" " ind1="8">
<subfield code="a">10.13185/1656-152x.1884</subfield>
</datafield>
<datafield ind1=" " ind2=" " tag="653">
<subfield code="a">Colonial representation of the Philippines</subfield>
</datafield>
<datafield ind1=" " ind2=" " tag="653">
<subfield code="a">Spanish imperialism</subfield>
</datafield>
<datafield ind1=" " ind2=" " tag="653">
<subfield code="a">Fin-de-siècle Spanish literature</subfield>
</datafield>
<datafield ind1=" " ind2=" " tag="653">
<subfield code="a">Gender, race and nation in fin-de-siècle Spain</subfield>
</datafield>
<datafield ind1=" " ind2=" " tag="653">
<subfield code="a">Emilia Pardo Bazán</subfield>
</datafield>
<datafield tag="245" ind1="0" ind2="0">
<subfield code="a">"Asylum of Incurably Lazy and Depraved Men": The Philippines as a Space of Degenerate Masculinity in the Late Fiction of Emilia Pardo Bazán</subfield>
</datafield>
</record></metadata></record></GetRecord></OAI-PMH>